Hồ Xuân Hương : Thân thế, sự nghiệp, huyền thoại và phê bình nhận xét /
محفوظ في:
| المؤلف الرئيسي: | |
|---|---|
| التنسيق: | Sách giấy |
| اللغة: | Vietnamese |
| منشور في: |
Thanh Hoá :
Nxb. Thanh Hoá,
2004.
|
| الموضوعات: | |
| الوسوم: |
إضافة وسم
لا توجد وسوم, كن أول من يضع وسما على هذه التسجيلة!
|
| Thư viện lưu trữ: | Thư viện Trường Đại học Đà Lạt |
|---|
| LEADER | 00841nam a2200313 4500 | ||
|---|---|---|---|
| 001 | DLU120136683 | ||
| 005 | ##20120618 | ||
| 040 | # | # | |a DLU |b vie |
| 041 | # | # | |a vie |
| 044 | # | # | |a vn |
| 082 | # | # | |a 895.922 1 |b NG-V |
| 100 | # | # | |a Ngô Lãng Vân, |c GS. |
| 245 | # | # | |a Hồ Xuân Hương : |b Thân thế, sự nghiệp, huyền thoại và phê bình nhận xét / |c Ngô Lãng Vân. |
| 246 | # | # | |a Hồ Xuân Hương toàn tập. |
| 260 | # | # | |a Thanh Hoá : |b Nxb. Thanh Hoá, |c 2004. |
| 300 | # | # | |a 143 tr. ; |c 19 cm. |
| 600 | # | # | |a Hồ Xuân Hương. |
| 650 | # | # | |a Nhà thơ Việt Nam |x Giai thoại. |
| 923 | # | # | |a 01/2012DP |
| 991 | # | # | |a SH |
| 992 | # | # | |a 14500 |
| 994 | # | # | |a KDP |
| 900 | # | # | |a True |
| 911 | # | # | |a Đào Thị Thu Huyền |
| 925 | # | # | |a G |
| 926 | # | # | |a A |
| 927 | # | # | |a SH |
| 980 | # | # | |a Thư viện Trường Đại học Đà Lạt |